| 000 | 00853nam a2200229Ia 4500 | ||
|---|---|---|---|
| 003 | Ost | ||
| 005 | 20260507075026.0 | ||
| 008 | 260507s9999||||xx |||||||||||||| ||und|| | ||
| 020 | _a9645919977 | ||
| 040 | _cfsecg | ||
| 041 | _aara | ||
| 082 | _a330 | ||
| 100 |
_aرولاند، روبين _eمؤلف |
||
| 245 | 0 |
_aالدليل المبتكر للبحث عن الأنترنت / _c روبين رولاند |
|
| 260 |
_aالقاهرة: _bمجموعة النيل العربية, _c2003 |
||
| 300 |
_a365 صفحة؛ _bإيضاحات ؛ _c24 سم |
||
| 520 | _aمغامرة البحث- الأدوات- البحث الإلكتروني في معظم الوقت- الوسائل التقليدية غالبا | ||
| 653 | _aالأنترنت | ||
| 653 | _aطرق البحث | ||
| 700 |
_aشاهين، بهاء _eمؤلف ثانوي |
||
| 942 | _cكتاب | ||
| 999 |
_c42336 _d42336 |
||